[Event "DEM U16w 2025"]
[Site "Willingen GER"]
[Date "2025.06.11"]
[Round "5"]
[White "Hoffmann, Svenja"]
[Black "Schulten, Namita"]
[Result "0-1"]
[Termination "normal"]
[Board "12"]
[WhiteElo "1761"]
[BlackElo "1696"]
[WhiteClock "00:29:41"]
[BlackClock "01:34:21"]
[PlyCount "122"]
[WhiteFideId "16287312"]
[BlackFideId "34663568"]
[EventCountry "GER"]
[EventRounds "9"]
[EventType "swiss"]
[EventDate "2025.06.07"]

1. e4 {[%clk 01:30:58]} {[%emt 00:00:02]} e5 {[%clk 01:30:55]} {[%emt
00:00:05]} 2. Nf3 {[%clk 01:31:22]} {[%emt 00:00:07]} Nc6 {[%clk 01:31:20]}
{[%emt 00:00:06]} 3. Bc4 {[%clk 01:31:47]} {[%emt 00:00:04]} Bc5 {[%clk
01:31:45]} {[%emt 00:00:06]} 4. d3 {[%clk 01:31:20]} {[%emt 00:00:56]} d6
{[%clk 01:31:56]} {[%emt 00:00:18]} 5. Nc3 {[%clk 01:30:23]} {[%emt 00:01:28]}
h6 {[%clk 01:32:03]} {[%emt 00:00:23]} 6. Na4 {[%clk 01:28:56]} {[%emt
00:01:57]} Bb6 {[%clk 01:32:00]} {[%emt 00:00:33]} 7. a3 {[%clk 01:28:20]}
{[%emt 00:01:06]} Nf6 {[%clk 01:31:59]} {[%emt 00:00:31]} 8. O-O {[%clk
01:24:47]} {[%emt 00:04:02]} O-O {[%clk 01:31:07]} {[%emt 00:01:22]} 9. Nxb6
{[%clk 01:23:48]} {[%emt 00:01:30]} axb6 {[%clk 01:31:26]} {[%emt 00:00:11]}
10. Re1 {[%clk 01:21:42]} {[%emt 00:02:35]} Bg4 {[%clk 01:30:10]} {[%emt
00:01:46]} 11. c3 {[%clk 01:20:34]} {[%emt 00:01:39]} Re8 {[%clk 01:28:45]}
{[%emt 00:01:54]} 12. b4 {[%clk 01:18:52]} {[%emt 00:02:13]} Ne7 {[%clk
01:26:57]} {[%emt 00:02:17]} 13. h3 {[%clk 01:17:53]} {[%emt 00:01:29]} Bh5
{[%clk 01:27:01]} {[%emt 00:00:26]} 14. d4 {[%clk 01:08:40]} {[%emt 00:09:43]}
exd4 {[%clk 01:21:47]} {[%emt 00:05:44]} 15. cxd4 {[%clk 01:08:57]} {[%emt
00:00:13]} Nc6 {[%clk 01:19:29]} {[%emt 00:02:48]} 16. g4 {[%clk 01:03:13]}
{[%emt 00:06:15]} Bg6 {[%clk 01:19:38]} {[%emt 00:00:21]} 17. d5 {[%clk
01:03:30]} {[%emt 00:00:13]} Na7 {[%clk 01:17:26]} {[%emt 00:02:42]} 18. e5
{[%clk 00:57:17]} {[%emt 00:06:43]} dxe5 {[%clk 01:14:54]} {[%emt 00:03:02]}
19. Rxe5 {[%clk 00:55:26]} {[%emt 00:02:20]} Qd7 {[%clk 01:11:09]} {[%emt
00:04:15]} 20. Bf4 {[%clk 00:38:22]} {[%emt 00:17:35]} Nxg4 {[%clk 01:08:30]}
{[%emt 00:03:09]} 21. d6 {[%clk 00:27:50]} {[%emt 00:11:02]} Nxe5 {[%clk
01:07:28]} {[%emt 00:01:32]} 22. Nxe5 {[%clk 00:28:06]} {[%emt 00:00:13]} Rxe5
{[%clk 01:05:54]} {[%emt 00:02:04]} 23. Bxe5 {[%clk 00:28:07]} {[%emt
00:00:29]} cxd6 {[%clk 01:06:07]} {[%emt 00:00:16]} 24. Qxd6 {[%clk 00:27:45]}
{[%emt 00:00:54]} Qxd6 {[%clk 01:05:04]} {[%emt 00:01:33]} 25. Bxd6 {[%clk
00:28:05]} {[%emt 00:00:09]} Rd8 {[%clk 01:05:22]} {[%emt 00:00:12]} 26. Bf4
{[%clk 00:26:55]} {[%emt 00:01:40]} Rd4 {[%clk 01:05:26]} {[%emt 00:00:26]} 27.
Bb8 {[%clk 00:26:39]} {[%emt 00:00:46]} Nc6 {[%clk 01:05:46]} {[%emt 00:00:10]}
28. Bxf7+ {[%clk 00:19:23]} {[%emt 00:07:46]} Kxf7 {[%clk 01:04:02]} {[%emt
00:02:14]} 29. Bc7 {[%clk 00:19:44]} {[%emt 00:00:10]} b5 {[%clk 01:03:16]}
{[%emt 00:01:15]} 30. Bb6 {[%clk 00:20:01]} {[%emt 00:00:14]} Rd3 {[%clk
01:03:39]} {[%emt 00:00:06]} 31. Kh2 {[%clk 00:20:24]} {[%emt 00:00:07]} Bf5
{[%clk 01:03:50]} {[%emt 00:00:18]} 32. Be3 {[%clk 00:20:17]} {[%emt 00:00:38]}
Ne5 {[%clk 01:04:00]} {[%emt 00:00:20]} 33. a4 {[%clk 00:14:29]} {[%emt
00:06:19]} Rb3 {[%clk 01:03:18]} {[%emt 00:01:11]} 34. axb5 {[%clk 00:14:20]}
{[%emt 00:00:40]} Rxb4 {[%clk 01:03:41]} {[%emt 00:00:06]} 35. b6 {[%clk
00:14:37]} {[%emt 00:00:13]} Nc4 {[%clk 01:03:52]} {[%emt 00:00:19]} 36. Bc5
{[%clk 00:14:23]} {[%emt 00:00:44]} Rb5 {[%clk 01:03:43]} {[%emt 00:00:39]} 37.
Bd4 {[%clk 00:13:21]} {[%emt 00:01:32]} Nxb6 {[%clk 01:04:01]} {[%emt
00:00:11]} 38. Rg1 {[%clk 00:13:19]} {[%emt 00:00:33]} g6 {[%clk 01:04:17]}
{[%emt 00:00:15]} 39. Be3 {[%clk 00:13:40]} {[%emt 00:00:08]} Rb3 {[%clk
01:04:26]} {[%emt 00:00:21]} 40. h4 {[%clk 00:13:38]} {[%emt 00:00:32]} h5
{[%clk 01:04:39]} {[%emt 00:00:17]} 41. Rd1 {[%clk 00:11:36]} {[%emt 00:02:32]}
Nc4 {[%clk 01:04:43]} {[%emt 00:00:26]} 42. Bg5 {[%clk 00:11:59]} {[%emt
00:00:07]} b5 {[%clk 01:04:46]} {[%emt 00:00:27]} 43. Re1 {[%clk 00:10:26]}
{[%emt 00:02:04]} b4 {[%clk 01:04:52]} {[%emt 00:00:24]} 44. Re7+ {[%clk
00:10:48]} {[%emt 00:00:07]} Kf8 {[%clk 01:05:17]} {[%emt 00:00:06]} 45. Rb7
{[%clk 00:11:02]} {[%emt 00:00:15]} Rb2 {[%clk 01:05:18]} {[%emt 00:00:29]} 46.
Kg3 {[%clk 00:11:17]} {[%emt 00:00:15]} b3 {[%clk 01:05:31]} {[%emt 00:00:17]}
47. Rb4 {[%clk 00:10:55]} {[%emt 00:00:52]} Ne5 {[%clk 01:05:33]} {[%emt
00:00:29]} 48. Bf6 {[%clk 00:10:52]} {[%emt 00:00:32]} Re2 {[%clk 01:04:46]}
{[%emt 00:01:17]} 49. Rxb3 {[%clk 00:11:02]} {[%emt 00:00:21]} Ng4 {[%clk
01:04:46]} {[%emt 00:00:29]} 50. Bd4 {[%clk 00:10:53]} {[%emt 00:00:38]} Re1
{[%clk 01:04:09]} {[%emt 00:01:08]} 51. f3 {[%clk 00:08:46]} {[%emt 00:02:37]}
Nh6 {[%clk 01:04:33]} {[%emt 00:00:05]} 52. Kf4 {[%clk 00:06:03]} {[%emt
00:03:13]} Rh1 {[%clk 01:04:28]} {[%emt 00:00:36]} 53. Kg5 {[%clk 00:06:03]}
{[%emt 00:00:30]} Nf7+ {[%clk 01:03:36]} {[%emt 00:01:22]} 54. Kf6 {[%clk
00:05:55]} {[%emt 00:00:38]} Ke8 {[%clk 01:03:49]} {[%emt 00:00:17]} 55. Rb8+
{[%clk 00:05:41]} {[%emt 00:00:44]} Nd8 {[%clk 01:04:14]} {[%emt 00:00:05]} 56.
Kg5 {[%clk 00:03:24]} {[%emt 00:02:47]} Kd7 {[%clk 01:03:08]} {[%emt 00:01:37]}
57. Be3 {[%clk 00:02:33]} {[%emt 00:01:20]} Ne6+ {[%clk 01:03:20]} {[%emt
00:00:19]} 58. Kf6 {[%clk 00:02:24]} {[%emt 00:00:40]} Rxh4 {[%clk 01:03:28]}
{[%emt 00:00:22]} 59. Rb7+ {[%clk 00:00:56]} {[%emt 00:01:58]} Nc7 {[%clk
01:03:47]} {[%emt 00:00:11]} 60. f4 {[%clk 00:30:13]} {[%emt 00:01:12]} Kc8
{[%clk 01:34:01]} {[%emt 00:00:16]} 61. Kg5 {[%clk 00:29:41]} {[%emt 00:01:02]}
Rg4+ {[%clk 01:34:21]} {[%emt 00:00:11]} 0-1

[Event "DEM U16w 2025"]
[Site "Willingen GER"]
[Date "2025.06.11"]
[Round "5"]
[White "Haug, Mara"]
[Black "Richter, Johanna"]
[Result "1-0"]
[Termination "normal"]
[Board "13"]
[WhiteElo "1999"]
[BlackElo "1834"]
[WhiteClock "00:17:14"]
[BlackClock "00:18:10"]
[PlyCount "61"]
[WhiteFideId "16259300"]
[BlackFideId "16278925"]
[EventCountry "GER"]
[EventRounds "9"]
[EventType "swiss"]
[EventDate "2025.06.07"]

1. e4 {[%clk 01:30:57]} {[%emt 00:00:02]} c5 {[%clk 01:30:47]} {[%emt
00:00:15]} 2. Nf3 {[%clk 01:31:19]} {[%emt 00:00:07]} Nc6 {[%clk 01:31:13]}
{[%emt 00:00:03]} 3. d4 {[%clk 01:31:44]} {[%emt 00:00:06]} cxd4 {[%clk
01:31:40]} {[%emt 00:00:03]} 4. Nxd4 {[%clk 01:32:04]} {[%emt 00:00:11]} Nf6
{[%clk 01:32:07]} {[%emt 00:00:03]} 5. Nc3 {[%clk 01:32:22]} {[%emt 00:00:11]}
e5 {[%clk 01:32:30]} {[%emt 00:00:07]} 6. Ndb5 {[%clk 01:32:46]} {[%emt
00:00:06]} d6 {[%clk 01:32:53]} {[%emt 00:00:07]} 7. Bg5 {[%clk 01:33:08]}
{[%emt 00:00:08]} a6 {[%clk 01:33:18]} 8. Na3 {[%clk 01:33:28]} {[%emt
00:00:15]} b5 {[%clk 01:33:44]} 9. Bxf6 {[%clk 01:33:51]} {[%emt 00:00:12]}
gxf6 {[%clk 01:34:09]} 10. Nd5 {[%clk 01:34:00]} {[%emt 00:00:24]} f5 {[%clk
01:34:35]} 11. c3 {[%clk 01:34:23]} {[%emt 00:00:13]} Bg7 {[%clk 01:34:48]} 12.
exf5 {[%clk 01:34:46]} {[%emt 00:00:24]} Bxf5 {[%clk 01:35:13]} 13. Nc2 {[%clk
01:35:06]} {[%emt 00:00:13]} O-O {[%clk 01:35:33]} 14. Nce3 {[%clk 01:35:31]}
{[%emt 00:00:15]} Be6 {[%clk 01:35:43]} 15. Bd3 {[%clk 01:35:54]} {[%emt
00:00:29]} f5 {[%clk 01:28:24]} 16. O-O {[%clk 01:36:17]} {[%emt 00:07:54]} Kh8
{[%clk 01:28:40]} 17. Qh5 {[%clk 01:36:34]} {[%emt 00:00:29]} e4 {[%clk
01:28:42]} 18. Bc2 {[%clk 01:36:52]} {[%emt 00:00:39]} Ne5 {[%clk 01:28:43]}
19. Nf4 {[%clk 01:37:04]} {[%emt 00:00:48]} Bd7 {[%clk 01:28:10]} 20. Ned5
{[%clk 01:14:29]} {[%emt 00:17:29]} Rb8 {[%emt 00:23:53]} 21. Kh1 a5 {[%clk
01:02:16]} {[%emt 00:10:09]} 22. Rae1 {[%clk 01:05:39]} {[%emt 00:09:19]} b4
{[%clk 00:52:52]} {[%emt 00:09:55]} 23. cxb4 {[%clk 01:03:52]} {[%emt
00:02:50]} axb4 {[%clk 00:52:28]} {[%emt 00:00:53]} 24. f3 {[%clk 00:51:20]}
{[%emt 00:13:01]} exf3 {[%clk 00:43:58]} {[%emt 00:09:00]} 25. gxf3 {[%clk
00:51:10]} {[%emt 00:00:40]} Rb7 {[%clk 00:40:14]} {[%emt 00:04:15]} 26. Rxe5
{[%clk 00:34:15]} {[%emt 00:17:25]} Be8 {[%clk 00:31:14]} {[%emt 00:09:30]} 27.
Rxe8 {[%clk 00:33:55]} {[%emt 00:00:49]} Qxe8 {[%clk 00:31:28]} {[%emt
00:00:17]} 28. Qh3 {[%clk 00:32:00]} {[%emt 00:02:24]} Be5 {[%clk 00:26:09]}
{[%emt 00:05:48]} 29. Bxf5 {[%clk 00:24:32]} {[%emt 00:07:59]} Rg8 {[%clk
00:22:44]} {[%emt 00:03:56]} 30. Ng6+ {[%clk 00:17:14]} {[%emt 00:07:47]} Kg7
{[%clk 00:18:10]} 31. Nxe5 {[%clk 00:17:14]} 1-0

[Event "DEM U16w 2025"]
[Site "Willingen GER"]
[Date "2025.06.11"]
[Round "5"]
[White "Fischermann, Charlotte"]
[Black "Pommerehncke, Marla"]
[Result "1-0"]
[Termination "normal"]
[Board "14"]
[WhiteElo "1715"]
[BlackElo "1391"]
[WhiteClock "00:33:24"]
[BlackClock "00:06:40"]
[PlyCount "125"]
[WhiteFideId "34619690"]
[BlackFideId "34686347"]
[EventCountry "GER"]
[EventRounds "9"]
[EventType "swiss"]
[EventDate "2025.06.07"]

1. e4 {[%clk 01:30:55]} {[%emt 00:00:04]} e5 {[%clk 01:30:53]} {[%emt
00:00:08]} 2. Nf3 {[%clk 01:31:19]} {[%emt 00:00:05]} Nc6 {[%clk 01:31:17]}
{[%emt 00:00:07]} 3. Bc4 {[%clk 01:31:09]} {[%emt 00:00:39]} Bc5 {[%clk
01:31:34]} {[%emt 00:00:14]} 4. c3 {[%clk 01:31:21]} {[%emt 00:00:18]} Nf6
{[%clk 01:31:59]} {[%emt 00:00:05]} 5. d3 {[%clk 01:31:42]} {[%emt 00:00:07]}
h6 {[%clk 01:29:43]} {[%emt 00:02:47]} 6. Nbd2 {[%clk 01:31:01]} {[%emt
00:01:12]} d6 {[%clk 01:29:37]} {[%emt 00:00:36]} 7. h3 {[%clk 01:31:10]}
{[%emt 00:00:21]} a6 {[%clk 01:27:28]} {[%emt 00:02:38]} 8. Bb3 {[%clk
01:30:48]} {[%emt 00:00:51]} O-O {[%clk 01:24:08]} {[%emt 00:03:52]} 9. Nf1
{[%emt 00:10:38]} Bd7 {[%clk 01:13:33]} {[%emt 00:02:32]} 10. Ng3 {[%clk
01:29:21]} {[%emt 00:00:21]} Qc8 {[%clk 01:10:10]} {[%emt 00:03:53]} 11. Nh4
{[%clk 01:27:19]} {[%emt 00:02:30]} Ne7 {[%clk 01:06:47]} {[%emt 00:03:54]} 12.
Be3 {[%clk 01:20:50]} {[%emt 00:07:00]} Ba7 {[%clk 01:02:55]} {[%emt 00:04:22]}
13. Bxa7 {[%clk 01:17:01]} {[%emt 00:04:19]} Rxa7 {[%clk 01:01:50]} {[%emt
00:01:36]} 14. Qf3 {[%clk 01:16:53]} {[%emt 00:00:36]} Be6 {[%clk 00:52:04]}
{[%emt 00:10:17]} 15. Nhf5 {[%clk 01:16:41]} {[%emt 00:00:41]} Nxf5 {[%clk
00:49:52]} {[%emt 00:02:43]} 16. Nxf5 {[%clk 01:16:33]} {[%emt 00:00:38]} Qd7
{[%clk 00:47:52]} {[%emt 00:02:29]} 17. Nxh6+ {[%clk 01:16:18]} {[%emt
00:00:46]} gxh6 {[%clk 00:47:10]} {[%emt 00:01:12]} 18. Qxf6 {[%clk 01:16:40]}
{[%emt 00:00:07]} Kh7 {[%clk 00:46:10]} {[%emt 00:01:30]} 19. Bxe6 {[%clk
01:15:03]} {[%emt 00:02:08]} Qxe6 {[%clk 00:46:27]} {[%emt 00:00:12]} 20. Qxe6
{[%clk 01:14:11]} {[%emt 00:01:22]} fxe6 {[%clk 00:46:50]} {[%emt 00:00:08]}
21. O-O {[%clk 01:14:16]} {[%emt 00:00:24]} Raa8 {[%clk 00:45:35]} {[%emt
00:01:46]} 22. f3 {[%clk 01:14:17]} {[%emt 00:00:29]} Rf7 {[%clk 00:42:26]}
{[%emt 00:03:39]} 23. d4 {[%clk 01:13:46]} {[%emt 00:01:00]} exd4 {[%clk
00:41:45]} {[%emt 00:01:11]} 24. cxd4 {[%clk 01:14:08]} {[%emt 00:00:08]} Rg8
{[%clk 00:40:51]} {[%emt 00:01:25]} 25. Rac1 {[%clk 01:13:47]} {[%emt
00:00:50]} Rg5 {[%clk 00:36:39]} {[%emt 00:04:43]} 26. Rc2 {[%clk 01:11:14]}
{[%emt 00:03:01]} Rfg7 {[%clk 00:33:56]} {[%emt 00:03:14]} 27. Kh2 {[%clk
01:10:55]} {[%emt 00:00:46]} Rb5 {[%clk 00:24:59]} {[%emt 00:09:31]} 28. b3
{[%clk 01:10:17]} {[%emt 00:01:07]} Kg8 {[%clk 00:22:15]} {[%emt 00:03:14]} 29.
Rc3 {[%clk 01:09:44]} {[%emt 00:01:03]} c6 {[%clk 00:17:44]} {[%emt 00:05:02]}
30. f4 {[%clk 01:06:26]} {[%emt 00:03:46]} Rf7 {[%clk 00:15:19]} {[%emt
00:02:56]} 31. Rg3+ {[%clk 01:04:21]} {[%emt 00:02:36]} Kh7 {[%clk 00:15:16]}
{[%emt 00:00:33]} 32. Rgf3 {[%clk 01:04:01]} {[%emt 00:00:49]} Kg6 {[%clk
00:13:40]} {[%emt 00:02:06]} 33. g4 {[%clk 01:03:36]} {[%emt 00:00:55]} Rb4
{[%clk 00:10:16]} {[%emt 00:03:55]} 34. f5+ {[%clk 01:03:17]} {[%emt 00:00:49]}
exf5 {[%clk 00:10:38]} {[%emt 00:00:08]} 35. Rxf5 {[%clk 01:02:48]} {[%emt
00:00:58]} Rxf5 {[%clk 00:10:14]} {[%emt 00:00:54]} 36. exf5+ {[%clk 01:02:38]}
{[%emt 00:00:40]} Kf6 {[%clk 00:10:30]} {[%emt 00:00:14]} 37. Rd1 {[%clk
01:02:49]} {[%emt 00:00:18]} Rb5 {[%clk 00:07:57]} {[%emt 00:03:05]} 38. Re1
{[%clk 01:01:37]} {[%emt 00:01:41]} Rd5 {[%clk 00:07:05]} {[%emt 00:01:23]} 39.
Re6+ {[%clk 01:00:25]} {[%emt 00:01:41]} Kg7 {[%clk 00:05:23]} {[%emt
00:02:12]} 40. Re4 {[%clk 01:00:17]} {[%emt 00:00:37]} Kf6 {[%clk 00:04:16]}
{[%emt 00:01:38]} 41. Kg3 {[%clk 01:00:14]} {[%emt 00:00:32]} h5 {[%clk
00:01:09]} {[%emt 00:03:39]} 42. Kh4 {[%clk 00:59:24]} {[%emt 00:01:19]} hxg4
{[%clk 00:01:08]} {[%emt 00:00:31]} 43. hxg4 {[%emt 00:00:53]} b5 {[%clk
00:30:15]} {[%emt 00:01:00]} 44. Rf4 {[%clk 01:28:43]} {[%emt 00:01:10]} c5
{[%clk 00:29:53]} {[%emt 00:00:53]} 45. g5+ {[%clk 01:28:23]} {[%emt 00:00:50]}
Kf7 {[%clk 00:28:15]} {[%emt 00:02:09]} 46. g6+ {[%clk 01:28:14]} {[%emt
00:00:37]} Kf6 {[%clk 00:27:34]} {[%emt 00:01:12]} 47. dxc5 {[%clk 01:26:54]}
{[%emt 00:01:50]} dxc5 {[%clk 00:27:51]} {[%emt 00:00:13]} 48. Rg4 {[%clk
01:25:13]} {[%emt 00:02:11]} Rd7 {[%clk 00:25:27]} {[%emt 00:02:54]} 49. Rf4
{[%clk 00:58:43]} {[%emt 00:26:58]} Rd5 {[%clk 00:21:18]} {[%emt 00:04:41]} 50.
Kg4 {[%clk 00:56:58]} {[%emt 00:02:13]} Re5 {[%emt 00:08:35]} 51. Kf3 {[%clk
00:55:07]} {[%emt 00:00:20]} Re1 {[%emt 00:03:00]} 52. Kf2 {[%clk 00:54:05]}
{[%emt 00:00:09]} Re5 {[%clk 00:13:10]} {[%emt 00:01:29]} 53. Rf3 {[%clk
00:53:25]} {[%emt 00:01:08]} Re4 {[%clk 00:12:38]} {[%emt 00:01:03]} 54. Kg3
{[%clk 00:52:31]} {[%emt 00:01:22]} Re5 {[%clk 00:12:15]} {[%emt 00:00:55]} 55.
Rf4 {[%clk 00:46:06]} {[%emt 00:06:54]} Re7 {[%clk 00:10:53]} {[%emt 00:01:54]}
56. Rg4 {[%clk 00:44:41]} {[%emt 00:01:53]} Rg7 {[%clk 00:08:19]} {[%emt
00:03:06]} 57. Kf4 {[%clk 00:44:38]} {[%emt 00:00:32]} Re7 {[%clk 00:05:44]}
{[%emt 00:03:05]} 58. g7 {[%clk 00:32:52]} {[%emt 00:12:16]} Rxg7 {[%clk
00:06:06]} {[%emt 00:00:09]} 59. Rxg7 {[%clk 00:33:01]} {[%emt 00:00:19]} Kxg7
{[%clk 00:06:34]} {[%emt 00:00:03]} 60. Ke5 {[%clk 00:33:22]} {[%emt 00:00:09]}
Kf7 {[%clk 00:06:49]} {[%emt 00:00:16]} 61. Kd5 {[%clk 00:32:53]} {[%emt
00:00:59]} Kf6 {[%clk 00:07:11]} {[%emt 00:00:08]} 62. Kxc5 {[%clk 00:33:09]}
{[%emt 00:00:13]} Kxf5 {[%clk 00:06:40]} {[%emt 00:01:01]} 63. Kb6 {[%clk
00:33:24]} {[%emt 00:00:16]} 1-0